01842nam a2200361 i 4500001001000000003000900010005001700019007000300036008004100039040003000080082002300110245018500133264004600318300005800364336002700422337003400449338002700483500001800510590002600528650003300554650004500587650005800632650005400690650003300744710007500777910003800852942001400890952014600904952013501050952014001185952013801325999001701463000026158DO-SdBNP20230831143912.0ta110303s2000 dr ad r 000 0 spa d aDO-SdBNPbspacBNPHUerda 4a363.3492bE81n22200aEstimación de las necesidades habitacionales de los damnificados por el huracán Georges en República Dominicana :bel mercado de edificaciones urbanas y deficit habitacional. aSantafé de Bogotá :bFONDOVIP,c2000. a[92] páginas :bilustraciones, gráficos ;c28 cm. 2rdacontentatextobtxt 2rdamediaasin mediaciónbnc 2rdacarrieravolumenbn aInforme final aInventariado, 2018/BT 4aHuracan Georges, 1998953143 4aHuracaneszRepública Dominicana953144 4aPolítica de viviendazRepública Dominicana953145 4aOferta de viviendazRepública Dominicana953146 4aProgramas de vivienda9531472 aFondo Nacional de la Vivienda Popular de República Dominicana953148 aValidado. Control de calidad. MFF 2ddccLBS1 00102ddc56708DSaBNPHUbBNPHUcHDd2011-03-03l0oBNPHU DS 363.3492 E81np26158-30r2020-06-25te.3w2020-06-25yLBS1ZPréstamo en sala 00102ddc51708PDaBNPHUbBNPHUcHDd2011-03-03l0oBNPHU PD 363.3492 E81np26158-10r2020-06-25w2020-06-25yLBS1ZNo se presta 00102ddc51708PDaBNPHUbBNPHUcHDd2011-03-03l0oBNPHU PD 363.3492 E81np26158-20r2020-06-25te.2w2020-06-25yLBS1ZNo se presta 00102ddc56708DSaBNPHUbBNPHUcHDd2023-08-31eDonaciónl0oBNPHU DS 363.3492 E81np26158-40r2023-08-31te.4w2023-08-31yLBS1 c25650d25650